000 00255nam a2200109Ia 4500
008 190216s9999||||xx |||||||||||||| ||und||
100 _aPunathil Kunhabdulla
245 0 _aUnnathanmarude Smashanam
260 _bDc Books
650 _aKathakal
942 _cBK
999 _c26754
_d26754